MARC

LEADER 00000nam0a2200000 4500
001 283863
005 20231101235634.0
020 |a RU  |b 85-9628 
035 |a (RuTPU)RU\TPU\book\308000 
090 |a 283863 
100 |a 20150211d1984 k y0rusy5003 ca 
101 0 |a rus 
102 |a KZ 
105 |a a z 001zy 
200 1 |a Физико-химические свойства марганцевых шлаков  |f Т. Г. Габдуллин [и др.]  |g Академия наук Казахской ССР (АН КазССР), Химико-металлургический институт (ХМИ) 
210 |a Алма-Ата  |c Наука  |d 1984 
215 |a 232 с.  |c ил. 
300 |a Авт. указаны на обороте тит. л. 
320 |a Библиогр. : с. 217-231 
606 1 |a Марганец  |x Физико-химические свойства  |2 stltpush  |3 (RuTPU)RU\TPU\subj\41009  |9 60832 
610 1 |a шлаки 
610 1 |a марганцевые сплавы 
610 1 |a диаграммный метод 
610 1 |a анализ 
610 1 |a оксид марганца 
610 1 |a расплавы 
610 1 |a тугоплавкие компоненты 
610 1 |a математическое планирование 
610 1 |a эксперименты 
610 1 |a силикомарганец 
675 |a 669.74  |z rus  |v 3 
701 1 |a Габдуллин  |b Т. Г.  |g Токен Габдуллович 
701 1 |a Такенов  |b Т. Д.  |g Турган Джумабаевич 
701 1 |a Байсанов  |b С. О.  |g Сайлаубай Смарович 
701 1 |a Букетов  |b Е. А.  |g Евней Арстанович 
712 0 2 |a Академия наук Казахской ССР (АН КазССР)  |b Химико-металлургический институт (ХМИ)  |c (Караганда)  |2 stltpush  |3 (RuTPU)RU\TPU\col\7909 
801 0 |a RU  |b RuMRKP  |c 19950704  |g psbo 
801 1 |a RU  |b 63413507  |c 20150211 
801 2 |a RU  |b 63413507  |c 20200827  |g RCR 
942 |c BK